000 00247nam a2200097Ia 4500
005 20251222154402.0
008 251222s9999||||xx |||||||||||||| ||spa||
082 _aREF.985.008/C76/T.XX/V.I
245 0 _aLa Iglesia: La opción del clero
942 _cLIB
999 _c35325
_d35325